| 000 | 00796nam a2200217 i 4500 | ||
|---|---|---|---|
| 001 | 72027 | ||
| 003 | ES-MaACL | ||
| 005 | 20260209164743.0 | ||
| 007 | t| | ||
| 008 | 040823s1982 sp ||||1| spa d | ||
| 100 | 1 |
_aGil Grimau, Rodolfo, _d1932-2008 _956826 |
|
| 245 | 1 | 0 |
_aAproximación a una bibliografía española sobre el Norte de Africa _b: 1850-1980 / _cRodolfo Gil Grimau ; prólogo de Alfonso de la Serna. |
| 260 |
_aMadrid : _bMinisterio de Asuntos Exteriores, _c[1982] |
||
| 300 |
_a869 p. ; _c25 cm. |
||
| 650 | 0 | 7 |
_aBibliografías españolas _2embne _910523 |
| 651 | 7 |
_aÁfrica septentrional- _vBibliografías _2 _9161655 |
|
| 700 | 1 |
_aSerna, Alfonso de la, _d1922-2006 _9105561 |
|
| 852 |
_aES-MaACL _jL-4242 _bR.104924 _974714 |
||
| 942 | _2udc | ||
| 999 |
_c72027 _d72027 |
||